Как любят кумиры: звездные романы. Нежность

Bibliografiske detaljer
Hovedforfatter: Раззаков Ф. И. Федор И.
Summary:Популярные люди не любят, когда кто-то вторгается в их личную жизнь. Однако хотят они этого или нет, такое вторжение — естественный элемент их звездной жизни.Это своего рода расплата за популярность. Даже во времена СССР, когда такого явления, как светская жизнь, официально не существовало, публику все равно больше всего интересовала не творческая сторона жизни известного человека, а интимная. То есть кто из звезд на ком женат, сколько детей имеет и какую зарплату получает. Увы, но в советские времена средства массовой информации эти подробности никогда не афишировали, что побуждало людей довольствоваться самыми невероятными слухами и сплетнями. Сегодня с этим стало проще: пресса мало пишет о творчестве, зато светскую жизнь звезд освещает со всеми подробностями. Как ни странно, но даже этот избыток информации не решил проблему окончательно: по поводу интимной жизни многих российских звезд продолжают ходить самые невероятные слухи. Эта книга проливает свет на многие тайные, скрытые стороны жизни российского бомонда. Но она не вторгается в личную жизнь, она рассказывает о том, о чем сами звезды просто не успели нам рассказать.
Sprog:russisk
Udgivet: Москва, Эксмо, 2010
Serier:Книги Раззакова о великих артистах
Fag:
Format: Bog
KOHA link:https://koha.lib.tpu.ru/cgi-bin/koha/opac-detail.pl?biblionumber=213891

MARC

LEADER 00000nam0a2200000 4500
001 213891
005 20231031193424.0
010 |a 9785699389254 
035 |a (RuTPU)RU\TPU\book\233726 
090 |a 213891 
100 |a 20120418d2010 m y0rusy50 ca 
101 0 |a rus 
102 |a RU 
105 |a a z 000ad 
200 1 |a Как любят кумиры: звездные романы. Нежность  |f Ф. И. Раззаков 
210 |a Москва  |c Эксмо  |d 2010 
215 |a 623 с.  |c ил. 
225 1 |a Книги Раззакова о великих артистах 
330 |a Популярные люди не любят, когда кто-то вторгается в их личную жизнь. Однако хотят они этого или нет, такое вторжение — естественный элемент их звездной жизни.Это своего рода расплата за популярность. Даже во времена СССР, когда такого явления, как светская жизнь, официально не существовало, публику все равно больше всего интересовала не творческая сторона жизни известного человека, а интимная. То есть кто из звезд на ком женат, сколько детей имеет и какую зарплату получает. Увы, но в советские времена средства массовой информации эти подробности никогда не афишировали, что побуждало людей довольствоваться самыми невероятными слухами и сплетнями. Сегодня с этим стало проще: пресса мало пишет о творчестве, зато светскую жизнь звезд освещает со всеми подробностями. Как ни странно, но даже этот избыток информации не решил проблему окончательно: по поводу интимной жизни многих российских звезд продолжают ходить самые невероятные слухи. Эта книга проливает свет на многие тайные, скрытые стороны жизни российского бомонда. Но она не вторгается в личную жизнь, она рассказывает о том, о чем сами звезды просто не успели нам рассказать. 
610 1 |a кино 
610 1 |a театр 
610 1 |a актеры 
610 1 |a личная жизнь 
610 1 |a искусство 
675 |a 791.44.071.2  |v 3 
675 |a 792.071.2  |v 3 
700 1 |a Раззаков  |b Ф. И.  |g Федор И. 
801 1 |a RU  |b 63413507  |c 20120418 
801 2 |a RU  |b 63413507  |c 20120428  |g RCR 
942 |c BK